ბათუმის შოთა რუსთაველის სახელმწიფო უნივერსიტეტის ბიბლიოთეკა

გეოლოგია ნიადაგმცოდნეობის საფუძვლებით : (ბიბ.ჩანაწერი № 61082)

000 -ლიდერი
ფიქსირებული სიგრძის საკონტროლო ველი 01188nam a22002297a 4500
003 - საკონტროლო ნომრის იდენტიფიკატორი
საკონტროლო ველი Ge_BSU
005 - ბოლო ოპერაციის თარიღი და დრო
საკონტროლო ველი 20231215093036.0
008 - ფიქსირებული სიგრძის მონაცემთა ელემენტები - ზოგადი ინფორმაცია
ფიქსირებული სიგრძის საკონტროლო ველი 231215s2015 ge ||||| |||| 00| 0 geo d
020 ## - წიგნის საერთაშორისო სტანდარტული ნომერი
International Standard Book Number 9789941453144
041 ## - ენის კოდი
Language code of text/sound track or separate title geo
080 ## - უნივერსალური ათობითი კლასიფიკაციის ინდექსი
Universal Decimal Classification number 55+631.4(073) ა-30
100 ## - მთავარი ჩანაწერი - პიროვნების სახელი
Personal name ავალიშვილი, ნინო
9 (RLIN) 20749
245 ## - ცნობა სათაურის შესახებ
Title გეოლოგია ნიადაგმცოდნეობის საფუძვლებით :
Remainder of title დამხმარე სახ-ლო აგრარული ფაკ-ს სტუდ. /
Statement of responsibility, etc ნინო ავალიშვილი; რედ. ნუნუ ჩაჩხიანი. აწსუ. აგრონომიულ მეცნიერებათა დეპარტამენტი.
264 ## - წარმოების, გამოცემის, დისტრიბუციის და სხვა ცნობები
გამოცემის, წარმოების, დისტრიბუციის... ადგილი ქუთაისი:
გამოცემის, წარმოების, დისტრიბუციის... სახელწოდება აწსუ.,
გამოცემის, წარმოების, დისტრიბუციის... თარიღი 2015.
300 ## - ფიზიკური აღწერა
Extent 253 გვ.:
Other physical details ილ. ;
Dimensions 21 სმ.
653 ## - INDEX TERM--UNCONTROLLED
Uncontrolled term გეოლოგია
653 ## - INDEX TERM--UNCONTROLLED
Uncontrolled term მინერალები
653 ## - INDEX TERM--UNCONTROLLED
Uncontrolled term მიწისძვრები
653 ## - INDEX TERM--UNCONTROLLED
Uncontrolled term სანაკეთო ქვები
700 ## - ADDED ENTRY--PERSONAL NAME
Personal name ჩაჩხიანი, ნუნუ
Relator term რედაქტორი
9 (RLIN) 20750
942 ## - ADDED ENTRY ELEMENTS (KOHA)
Source of classification or shelving scheme
Koha item type წიგნი
ეგზემპლარები
ჩამოწერის სტატუსი დაკარგული ეგზემპლარის სტატუსი კლასიფიკაციის წყარო ან თაროზე გაწყობის სქემა დაზიანების სტატუსი არ გაიცემა მუდმივი მდებარეობა (დაცვის ადგილი) ამჟამინდელი ადგილსამყოფელი თაროზე განთავსების ადგილი შეძენის თარიღი ღირებულება, შესყიდვის ნორმალური ფასი სრული შენახვის შიფრი შტრიხკოდი ბოლო ოპერაციის თარიღი ეგზემპლარის მიმდევრობითი ნომერი (კეტერი?) ფასის ძალაში შესვლის თარიღი ეგზემპლარის სახეობა საჯარო შენიშვნა
          აგრარული და მემბრანული ტექნოლოგიების ინსტიტუტის ბიბლიოთეკა აგრარული და მემბრანული ტექნოლოგიების ინსტიტუტის ბიბლიოთეკა წიგნსაცავი 2023-12-15 10.00 55+631.4(073) ა-30 66977 2023-12-15 66977 2023-12-15 წიგნი 10 ლ.